000 00484nam a22001817a 4500
003 NUST-PNEC
005 20170116180705.0
008 140918b xxu||||| |||| 00| 0 eng d
040 _cPNEC
082 _a174.1 VIR
100 _9311
_aDr. Shahzad Ansar
245 _aBusiness ethics MGT-610 (Lecture Notes)
_cDr. Shahzad Ansar
260 _aLahore
_bVirtual University of Pakistan
_c2012
300 _a142 p. :
_c26 cm.
500 _aLecture Notes
650 _xMIS
942 _2ddc
_cBK
999 _c60681
_d60681